Obras completas

Gespeichert in:
Bibliographische Detailangaben
1. Verfasser: Wilde, Oscar 1854-1900 (VerfasserIn)
Format: Buch
Sprache:Spanisch
Veröffentlicht: Buenos Aires Joaquín Gil 1944
Ausgabe:1a. ed
Schriftenreihe:Biblioteca Cúspide
Schlagworte:
Tags: Tag hinzufügen
Keine Tags, Fügen Sie den ersten Tag hinzu!

MARC

LEADER 00000cam a2200000 a 4500
001 UCF8386
003 CL-VaPUC
008 130829e19440100ag |||||||||||||||||spa|d
082 0 4 |a 823  |b WIL  |2 21 
100 |a Wilde, Oscar  |d 1854-1900  |e author  |9 347444 
245 1 0 |a Obras completas 
250 |a 1a. ed 
300 |a t 
942 |c BK 
945 |d 20130829 16:45:00  |a dcastane 
260 |a Buenos Aires  |b Joaquín Gil  |c 1944 
500 |a t.1: novelas, cuentos y teatro 
500 |a t.2: poemas, ensayos y epistolario 
650 0 |a Literatura inglesa  |9 312907 
650 0 |a Cuentos ingleses  |9 265135 
650 0 |a Poesías inglesas  |9 265094 
650 0 |a Dramas ingleses  |9 269396 
650 0 |a Ensayos ingleses  |9 265096 
583 |a last modification  |c 20130829 16:45:00  |k Rodrigo Vera 
490 0 |a Biblioteca Cúspide 
999 |c 352960  |d 352958 
952 |0 0  |1 0  |3 erd  |4 0  |6 823_000000000000000_WIL_1944  |7 0  |8 A  |9 457755  |a BIBEDU  |b BIBEDU  |d 2019-11-23  |h t.1  |i 4997573  |o 823 WIL 1944  |p 4997573  |r 2019-11-23  |w 2019-11-23  |y BK  |z Catalogado en:20130829  |k LIT 
952 |0 0  |1 0  |3 erd  |4 0  |6 823_000000000000000_WIL_1944  |7 0  |8 A  |9 457756  |a BIBEDU  |b BIBEDU  |d 2019-11-23  |h t.2  |i 4997247  |o 823 WIL 1944  |p 4997247  |r 2019-11-23  |w 2019-11-23  |y BK  |z Catalogado en:20130829  |k LIT